Formula one drivers line-up 2007 - Statistics

General Stats
  • This quiz has been taken 128 times
  • The average score is 21 of 27
Answer Stats
Constructor Rounds Driver Nationality % Correct
McLaren All Fernando Alonso Spain
95%
McLaren All Lewis Hamilton UK
95%
Ferrari All Kimi Räikkönen Finland
94%
Honda All Jenson Button UK
90%
Ferrari All Felipe Massa Brazil
89%
BMW-Sauber 1-6, 8-17 Robert Kubica Poland
88%
Red Bull All Mark Webber Australia
86%
BMW-Sauber 7 Sebastian Vettel Germany
85%
Toro Rosso 11-17 Sebastian Vettel Germany
85%
Renault All Heikki Kovalainen Finland
84%
Renault All Giancarlo Fisichella Italy
83%
Honda All Rubens Barrichello Brazil
83%
Red Bull All David Coulthard UK
81%
Toyota All Jarno Trulli Italy
81%
BMW-Sauber All Nick Heidfeld Germany
81%
Williams All Nico Rosberg Germany
81%
Toyota All Ralf Schumacher Germany
79%
Toro Rosso All Vitantonio Liuzzi Italy
75%
Williams 17 Kazuki Nakajima Japan
74%
Toro Rosso 1-10 Scott Speed USA
73%
Super Aguri All Takuma Sato Japan
72%
Williams 1-16 Alexander Wurz Austria
70%
Spyker All Adrian Sutil Germany
67%
Suger Aguri All Anthony Davidson UK
65%
Spyker 1-9 Christijan Albers Netherlands
60%
Spyker 10 Markus Winkelhock Germany
60%
Spyker 11-17 Sakon Yamamoto Japan
58%
No matching quizzes found
Score Distribution
Percent of People with Each Score
Percentile by Number Answered
Your Score History
You have not taken this quiz